[Event "Vila Velha vs Montanha, o embate"]
[Site "http://www.queenalice.com/game.php?id=1841879"]
[Date "2024.8.14"]
[Round "-"]
[White "Mateuzao_99"]
[Black "Capixaba789"]
[Result "1/2-1/2"]
[WhiteElo "2070"]
[BlackElo "1914"]

1. e4 e5 2. Nf3 d6 3. d4 exd4 4. Nxd4 c5 5. Nf3 Nc6 6. Nc3 Be6 7. a3 Nf6 8. Be2
Be7 9. O-O O-O 10. Re1 a6 11. Nd5 Nxe4 12. Nxe7+ Qxe7 13. c4 Nf6 14. Bg5 h6 15.
Bh4 Rad8 16. Qc2 Ne5 17. b3 Ng6 18. Bg3 Qd7 19. Rad1 Bf5 20. Qb2 Qc6 21. Rd2 Ne4
22. Rdd1 Nxg3 23. hxg3 Rfe8 24. Rd5 Be4 25. Rdd1 b6 26. Qc3 Bf5 27. b4 Be6 28.
Bf1 Qc7 29. Bd3 cxb4 30. axb4 Rc8 31. Nd4 Bd7 1/2-1/2

[Event "Montanha vs Vila Velha, o embate"]
[Site "http://www.queenalice.com/game.php?id=1841880"]
[Date "2024.8.14"]
[Round "-"]
[White "Capixaba789"]
[Black "Mateuzao_99"]
[Result "0-1"]
[WhiteElo "1846"]
[BlackElo "2075"]

1. e4 c6 2. d4 d5 3. exd5 cxd5 4. Nf3 Nf6 5. Bd3 Bg4 6. O-O e6 7. Nc3 Be7 8. Be3
O-O 9. h3 Bh5 10. Be2 Nc6 11. a3 h6 12. Qd2 Bg6 13. Rad1 Ne4 14. Nxe4 Bxe4 15.
c3 Bh7 16. Ne5 f6 17. Ng4 Rf7 18. Bxh6 f5 19. Ne5 Nxe5 20. dxe5 gxh6 21. Qxh6
Rg7 22. Qxe6+ Kh8 23. Rxd5 Qf8 24. Bf3 Bg8 25. Qh6+ Bh7 26. Rfd1 Rxg2+ 0-1

[Event "Canela Verde x Princesa do Norte"]
[Site "http://www.queenalice.com/game.php?id=1841890"]
[Date "2024.8.15"]
[Round "-"]
[White "Mateuzao_99"]
[Black "Mlintz"]
[Result "1/2-1/2"]
[WhiteElo "2108"]
[BlackElo "1907"]

1. e4 e5 2. Nf3 Qe7 3. d3 g6 4. g3 Bg7 5. Nc3 c6 6. Bg2 Nf6 7. O-O O-O 8. b3 d6
9. Bb2 Nfd7 10. Re1 f5 11. Nd2 Nb6 12. Nf1 Be6 13. exf5 Bxf5 14. Rb1 Qc7 15. Ne3
N8d7 16. Ne4 Bxe4 17. dxe4 Nf6 18. c4 Rad8 19. Qe2 a5 20. h3 Nbd7 21. Rbd1 Nc5
22. f3 Nh5 1/2-1/2

[Event "Princesa do Norte x Canela Verde"]
[Site "http://www.queenalice.com/game.php?id=1841891"]
[Date "2024.8.15"]
[Round "-"]
[White "Mlintz"]
[Black "Mateuzao_99"]
[Result "0-1"]
[WhiteElo "1803"]
[BlackElo "2019"]

1. e4 e5 2. Nf3 Nf6 3. Bc4 Nxe4 4. Nxe5 d5 5. Qh5 Ng5 6. Be2 g6 7. Qh4 Nc6 8.
Qg3 Ne4 9. Qf3 Nxe5 10. Qe3 Qe7 11. O-O Bg7 12. d3 Nd6 13. Re1 Nf5 14. Qd2 O-O
15. d4 Nc6 16. c3 Qd6 17. b4 a6 18. Bb2 Be6 19. a4 Na7 20. Ba3 Qd8 21. Qd3 Re8
22. Nd2 b5 23. a5 Nc8 24. Bc1 Ncd6 25. Qc2 Bd7 26. Nf3 Nc4 27. Bxc4 Rxe1+ 28.
Nxe1 bxc4 29. Nf3 Bh6 30. Bxh6 Nxh6 31. h3 f6 32. Re1 Qf8 33. Re3 Re8 34. Qe2
Rxe3 35. Qxe3 Nf5 36. Qe1 Qe8 37. Qxe8+ Bxe8 38. g3 Nd6 39. Kg2 Nb5 0-1

[Event "montanha x praia"]
[Site "http://www.queenalice.com/game.php?id=1843313"]
[Date "2024.9.7"]
[Round "-"]
[White "Mateuzao_99"]
[Black "Capixaba789"]
[Result "1-0"]
[WhiteElo "2115"]
[BlackElo "1825"]

1. e4 e5 2. Nf3 d6 3. d4 exd4 4. Nxd4 Nf6 5. Nc3 Be7 6. Be2 O-O 7. O-O Nbd7 8.
Nf5 Ne5 9. Nxe7+ Qxe7 10. Bg5 h6 11. Bh4 g5 12. Bg3 b6 13. h4 g4 14. Bf4 h5 15.
f3 gxf3 16. Bxf3 Nxf3+ 17. gxf3 Bb7 18. Bg5 Qe6 19. Rf2 Rae8 20. Rg2 Kh7 21. Qd3
1-0

[Event "praia x montanha"]
[Site "http://www.queenalice.com/game.php?id=1843314"]
[Date "2024.9.7"]
[Round "-"]
[White "Capixaba789"]
[Black "Mateuzao_99"]
[Result "1/2-1/2"]
[WhiteElo "1844"]
[BlackElo "2117"]

1. e4 c6 2. d4 d5 3. exd5 cxd5 4. Nf3 Nf6 5. Bd3 Nc6 6. c3 Bg4 7. O-O e6 8. Be3
e5 9. dxe5 Nxe5 10. Bb5+ Nc6 11. Bxc6+ bxc6 12. Nbd2 Be7 13. Qc2 O-O 14. h3 Bh5
15. Nd4 Qd7 16. Rfe1 Bg6 17. Qc1 c5 18. Ne2 Rab8 19. Nf3 Qc7 20. Ng3 Rfe8 21.
Bf4 Bd6 22. Bxd6 Qxd6 23. Rxe8+ Rxe8 24. Qd2 1/2-1/2

[Event "AUTO-OPEN-4495"]
[Site "http://www.queenalice.com/game.php?id=1843655"]
[Date "2024.9.13"]
[Round "3"]
[White "Mateuzao_99"]
[Black "tucuman10"]
[Result "0-1"]
[WhiteElo "2064"]
[BlackElo "2244"]

1. e4 e6 2. d4 d5 3. e5 Ne7 4. Nf3 Nbc6 5. c3 f6 6. exf6 gxf6 7. Qc2 Ng6 8. g3
e5 9. dxe5 fxe5 10. Bg2 e4 11. Nd4 Bg7 12. Be3 O-O 13. Nd2 Nce5 14. Bf1 c5 15.
N4b3 Nd3+ 16. Bxd3 exd3 17. Qd1 b6 0-1

[Event "AUTO-OPEN-4495"]
[Site "http://www.queenalice.com/game.php?id=1843656"]
[Date "2024.9.13"]
[Round "3"]
[White "tucuman10"]
[Black "Mateuzao_99"]
[Result "1-0"]
[WhiteElo "2237"]
[BlackElo "2073"]

1. d4 d5 2. c4 dxc4 3. e3 e6 4. Bxc4 a6 5. Nf3 c5 6. O-O Nf6 7. Nc3 b5 8. Bd3
Be7 9. dxc5 Bxc5 10. e4 Bb7 11. e5 Nd5 12. a4 b4 13. Ne4 Be7 14. Bg5 f6 15. Nd4
fxg5 16. Nxe6 Qd7 17. Nxg7+ 1-0

[Event "AUTO-OPEN-4535"]
[Site "http://www.queenalice.com/game.php?id=1848247"]
[Date "2024.12.4"]
[Round "2"]
[White "Mateuzao_99"]
[Black "cerenzo72"]
[Result "1-0"]
[WhiteElo "2009"]
[BlackElo "2158"]

1. e4 e5 2. d4 exd4 3. c3 d5 4. exd5 Qxd5 5. Qxd4 Qxd4 6. cxd4 Nc6 7. Bb5 Bd7 8.
Nf3 Nf6 9. O-O Be7 10. a3 O-O 11. Nc3 a6 12. Ba4 b5 13. Bb3 Rad8 14. Bf4 Bd6 15.
Bxd6 cxd6 16. h3 Bf5 17. Rfe1 d5 18. Rac1 b4 19. Na4 Be4 20. Rxc6 1-0

[Event "AUTO-OPEN-4535"]
[Site "http://www.queenalice.com/game.php?id=1848248"]
[Date "2024.12.4"]
[Round "2"]
[White "cerenzo72"]
[Black "Mateuzao_99"]
[Result "0-1"]
[WhiteElo "2170"]
[BlackElo "2013"]

1. e4 c6 2. d4 d5 3. Nc3 dxe4 4. Nxe4 Nf6 5. Nxf6+ exf6 6. Bc4 Bd6 7. Nf3 O-O 8.
O-O Bg4 9. Qd3 Qc7 10. h3 Bh5 11. b3 b5 12. Bxf7+ Bxf7 13. Bb2 Nd7 14. c4 bxc4
15. bxc4 Rab8 16. Bc3 Bb4 17. Rac1 Bxc3 18. Rxc3 Bg6 19. Qd2 Qa5 20. Nh4 Bf7 21.
Qd3 Qxa2 22. Rfc1 Rb2 23. Qf5 Nb6 24. c5 Nd5 25. Rg3 Ne7 26. Qg4 Ng6 27. f4 h5
28. Qxh5 Nxf4 29. Rxg7+ Kxg7 30. Nf5+ Kg8 31. Nh6+ Kg7 32. Nf5+ Kg8 33. Nh6+ Kh7
34. Nf5+ Bxh5 0-1

[Event "AUTO-OPEN-4535"]
[Site "http://www.queenalice.com/game.php?id=1848249"]
[Date "2024.12.4"]
[Round "2"]
[White "Mateuzao_99"]
[Black "CCapivara"]
[Result "0-1"]
[WhiteElo "2026"]
[BlackElo "2202"]

1. e4 d6 2. d4 Nf6 3. Nc3 c6 4. Bd3 e5 5. dxe5 dxe5 6. Nge2 Bc5 7. O-O O-O 8.
Bg5 Bg4 9. h3 Bh5 10. a3 Nbd7 11. g4 Bg6 12. Kg2 a5 13. f4 exf4 0-1

[Event "AUTO-OPEN-4535"]
[Site "http://www.queenalice.com/game.php?id=1848250"]
[Date "2024.12.4"]
[Round "2"]
[White "CCapivara"]
[Black "Mateuzao_99"]
[Result "1-0"]
[WhiteElo "2209"]
[BlackElo "2017"]

1. e4 e5 2. Nf3 Nf6 3. Nxe5 d6 4. Nf3 Nxe4 5. d3 Nf6 6. d4 Be7 7. Bd3 O-O 8. O-O
d5 9. Bg5 Nc6 10. Nbd2 h6 11. Bh4 Bg4 12. c3 Re8 13. Qa4 g5 14. Bg3 1-0

[Event "Challenge"]
[Site "http://www.queenalice.com/game.php?id=1849083"]
[Date "2024.12.20"]
[Round "-"]
[White "Mateuzao_99"]
[Black "Mlintz"]
[Result "0-1"]
[WhiteElo "2031"]
[BlackElo "1946"]

1. e4 e5 2. d4 exd4 3. c3 dxc3 4. Bc4 cxb2 5. Bxb2 d6 6. Nf3 Be7 7. Nbd2 Nf6 8.
O-O O-O 9. Re1 Bg4 10. Qb3 b6 11. h3 Bh5 12. Qc3 c6 13. g4 Bg6 14. g5 b5 15. Bd3
Ne8 16. h4 Bh5 17. Nf1 Bxf3 0-1

[Event "Challenge Colatinenses"]
[Site "http://www.queenalice.com/game.php?id=1849084"]
[Date "2024.12.20"]
[Round "-"]
[White "Mlintz"]
[Black "Mateuzao_99"]
[Result "1/2-1/2"]
[WhiteElo "2026"]
[BlackElo "2012"]

1. e4 c6 2. d4 d5 3. exd5 cxd5 4. Nc3 Nf6 5. f3 a6 6. a4 Bf5 7. Bd3 e6 8. Nge2
Nc6 9. Bxf5 exf5 10. O-O Bd6 11. Bg5 h6 12. Bh4 g5 13. Bf2 Qc7 14. Ng3 O-O 15.
Nxf5 Bxh2+ 16. Kh1 Kh7 17. Ne3 Nh5 18. Ng4 Bg3 19. Nxd5 Qd6 20. Ndf6+ Nxf6 21.
Nxf6+ Qxf6 22. Bxg3 Qxd4 23. c3 Qxd1 24. Rfxd1 Rad8 25. Bc7 Rc8 26. Bb6 Rfe8 27.
Re1 Kg6 28. g3 Re6 29. Rxe6+ 1/2-1/2

[Event "Caminhos do Rio Doce"]
[Site "http://www.queenalice.com/game.php?id=1856085"]
[Date "2025.4.24"]
[Round "-"]
[White "Mateuzao_99"]
[Black "Mlintz"]
[Result "1/2-1/2"]
[WhiteElo "2045"]
[BlackElo "1925"]

1. d4 e6 2. e4 d5 3. Nc3 c5 4. Nf3 dxe4 5. Nxe4 cxd4 6. Qxd4 Qxd4 7. Nxd4 Be7 8.
Bb5+ Bd7 9. O-O Nf6 10. Bd3 h6 11. c3 O-O 12. b3 Nc6 13. Bb2 Rfe8 14. Rad1 Nxd4
15. cxd4 b6 16. Nxf6+ Bxf6 17. Be4 Rac8 18. Rc1 Rxc1 19. Rxc1 Rc8 20. Rxc8+ Bxc8
21. f4 Bd7 22. Kf2 Kf8 23. Ba3+ Ke8 24. d5 Bd4+ 25. Ke2 f5 26. dxe6 Bxe6 27.
Bc6+ Kd8 28. Bd6 Kc8 29. h3 Bf6 1/2-1/2

[Event "Caminhos do Rio Doce II"]
[Site "http://www.queenalice.com/game.php?id=1856086"]
[Date "2025.4.24"]
[Round "-"]
[White "Mlintz"]
[Black "Mateuzao_99"]
[Result "0-1"]
[WhiteElo "1885"]
[BlackElo "2035"]

1. e4 c6 2. Nc3 d5 3. d4 dxe4 4. Nxe4 Nf6 5. Nc3 Bf5 6. Nf3 h6 7. Be2 e6 8. O-O
Bd6 9. Re1 O-O 10. h3 g5 11. Bxg5 hxg5 12. Nxg5 Bb4 13. h4 Nd5 14. Qd2 f6 15.
Nf3 Qd6 16. g3 Rf7 17. a3 Ba5 18. b4 Bc7 19. Nxd5 cxd5 20. c4 dxc4 21. Bxc4 Rg7
22. Kf1 Bh3+ 23. Ke2 Bg4 24. Qe3 Nc6 25. Rad1 Bb6 26. Kf1 Bh3+ 27. Ke2 Bg4 28.
Qe4 Nxd4+ 0-1

[Event "Homem das Montanhas"]
[Site "http://www.queenalice.com/game.php?id=1856087"]
[Date "2025.4.24"]
[Round "-"]
[White "Mateuzao_99"]
[Black "Capixaba789"]
[Result "1-0"]
[WhiteElo "2035"]
[BlackElo "1869"]

1. d4 d5 2. Nf3 c6 3. c4 Nf6 4. Nc3 e6 5. Bg5 Be7 6. e3 Nbd7 7. Bd3 Nb6 8. c5
Nbd7 9. b4 O-O 10. a4 a6 11. b5 axb5 12. axb5 Rxa1 13. Qxa1 Re8 14. O-O Nf8 15.
bxc6 bxc6 16. Ne5 Ng6 17. Bxg6 hxg6 18. Nxc6 Qc7 19. Nxe7+ Qxe7 20. Nb5 Qd7 21.
Nd6 Rd8 22. Rb1 Qc7 23. Bxf6 gxf6 24. Rb6 1-0

[Event "Challenge"]
[Site "http://www.queenalice.com/game.php?id=1856293"]
[Date "2025.4.26"]
[Round "-"]
[White "Capixaba789"]
[Black "Mateuzao_99"]
[Result "1/2-1/2"]
[WhiteElo "1810"]
[BlackElo "2044"]

1. d4 Nf6 2. Nc3 d5 3. f4 e6 4. Nf3 c5 5. e3 c4 6. Be2 a6 7. O-O Be7 8. Ne5 Nbd7
9. Bf3 h5 10. e4 Nxe5 11. fxe5 Nxe4 12. Nxe4 dxe4 13. Bxe4 Bg5 14. Qf3 O-O 15.
Qxh5 Qxd4+ 16. Kh1 Qxe4 17. Bxg5 b5 18. Be7 Bb7 19. Rf3 Qe2 20. Bxf8 Bxf3 21.
Qxf3 Qxf3 22. gxf3 Kxf8 23. Rd1 Ke7 24. Kg2 Rd8 25. Rxd8 Kxd8 26. Kf2 Kc7 27.
Ke3 Kc6 28. Kd4 a5 29. h4 g6 30. a3 a4 31. c3 Kb6 32. f4 Kc6 33. Ke4 Kd7 34. Kd4
Kc6 35. Ke4 1/2-1/2

[Event "A Cobra Vai Fumar"]
[Site "http://www.queenalice.com/game.php?id=1858089"]
[Date "2025.5.31"]
[Round "-"]
[White "Mlintz"]
[Black "Mateuzao_99"]
[Result "0-1"]
[WhiteElo "1857"]
[BlackElo "2025"]

1. e4 c6 2. d3 d5 3. Nd2 dxe4 4. dxe4 e5 5. Ngf3 Bd6 6. b3 Ne7 7. Bb2 Bg4 8. Be2
f6 9. O-O O-O 10. h3 Bh5 11. Ne1 Bg6 12. Bh5 Bxh5 13. Qc1 Be2 14. Nef3 Bxf1 15.
Qxf1 Nd7 16. Rd1 Bc7 17. c4 Qe8 18. Ba3 Kh8 19. Qe2 Rd8 20. Rc1 c5 21. Bb2 b6
22. Nf1 Nb8 23. Ng3 Nbc6 0-1

[Event "Jogo dos Manos Veios"]
[Site "http://www.queenalice.com/game.php?id=1858090"]
[Date "2025.5.31"]
[Round "-"]
[White "Mateuzao_99"]
[Black "Mlintz"]
[Result "1-0"]
[WhiteElo "2034"]
[BlackElo "1871"]

1. e4 c5 2. Nf3 d6 3. d4 cxd4 4. Nxd4 Nf6 5. Nc3 a6 6. a4 b6 7. Bd3 Bb7 8. f3 e6
9. O-O Be7 10. Be3 Nc6 11. Nxc6 Bxc6 12. Qe2 O-O 13. Qf2 Nd7 14. Rfd1 Qc7 15.
Ne2 f5 16. exf5 exf5 17. Nf4 Qb8 18. Bc4+ Kh8 19. Nd5 Bd8 20. Nf4 Be7 21. Nd5
Bxd5 22. Bxd5 Ra7 23. a5 Bd8 24. b4 Ne5 25. axb6 Rb7 26. Bxb7 Qxb7 27. Qe2 Bxb6
28. Bxb6 Qxb6+ 29. Qf2 Qc6 30. Qd4 Rf6 31. Qxe5 1-0

[Event "Duelo de Colatina"]
[Site "http://www.queenalice.com/game.php?id=1858455"]
[Date "2025.6.7"]
[Round "-"]
[White "Mateuzao_99"]
[Black "Capixaba789"]
[Result "1-0"]
[WhiteElo "2015"]
[BlackElo "1855"]

1. e4 e5 2. Nf3 d6 3. d4 exd4 4. Nxd4 Nf6 5. Nc3 Be7 6. Be2 O-O 7. O-O Nbd7 8.
Nf5 Ne5 9. Nxe7+ Qxe7 10. Bg5 h6 11. Nd5 Qd8 12. Nxf6+ gxf6 13. Bxh6 Re8 14. f3
Ng6 15. Bc4 Be6 16. Bxe6 fxe6 17. Bd2 Kf7 18. g3 Rh8 19. Rf2 Qe7 20. Bc3 Rh7 21.
h4 Rah8 22. Rh2 e5 23. Qd5+ Kf8 24. Qxb7 c5 25. Qxe7+ Rxe7 26. Rd1 Rd7 27. h5
Ne7 28. g4 Nc6 29. Rhd2 Nd4 30. Bxd4 cxd4 31. c3 Ke7 32. cxd4 exd4 33. Rxd4 1-0

[Event "Duelo de Colatina II"]
[Site "http://www.queenalice.com/game.php?id=1858456"]
[Date "2025.6.7"]
[Round "-"]
[White "Capixaba789"]
[Black "Mateuzao_99"]
[Result "1-0"]
[WhiteElo "1811"]
[BlackElo "2040"]

1. d4 Nf6 2. Nc3 d5 3. e4 dxe4 4. f3 exf3 5. Qxf3 e6 6. Bd3 Be7 7. Nge2 O-O 8.
O-O c6 9. Be3 Nbd7 10. Nf4 Nd5 11. Ncxd5 cxd5 12. a3 Nf6 13. c3 a5 14. Rac1 b6
15. c4 Ba6 16. b3 Bxa3 17. Rb1 Rb8 18. Nh5 Be7 19. Nxg7 Kh8 20. Bh6 Rg8 21. Nh5
1-0

[Event "Jogo da Amizade I"]
[Site "http://www.queenalice.com/game.php?id=1862380"]
[Date "2025.9.2"]
[Round "-"]
[White "Mlintz"]
[Black "Mateuzao_99"]
[Result "0-1"]
[WhiteElo "1877"]
[BlackElo "2043"]

1. e4 e5 2. Nf3 Nc6 3. Bb5 a6 4. Ba4 Nf6 5. d4 exd4 6. e5 Nd5 7. Bxc6 dxc6 8.
Nxd4 Bc5 9. O-O O-O 10. c3 Be6 11. Nxe6 fxe6 12. Qe2 Rf7 13. b4 Ba7 14. Bb2 Nf4
15. Qc2 Qg5 16. Qe4 Nh3+ 0-1

[Event "Jogo da Amizade II"]
[Site "http://www.queenalice.com/game.php?id=1862381"]
[Date "2025.9.2"]
[Round "-"]
[White "Mateuzao_99"]
[Black "Mlintz"]
[Result "1/2-1/2"]
[WhiteElo "2052"]
[BlackElo "1918"]

1. e4 e5 2. Nf3 Qe7 3. Qe2 g6 4. d4 d6 5. d5 Bg7 6. c4 a5 7. Nc3 c6 8. Bg5 Nf6
9. O-O-O h6 10. Bh4 g5 11. Bg3 Nfd7 12. Kb1 Nc5 13. h4 g4 14. Nd2 h5 15. Kc2 f5
16. f3 f4 17. Bf2 Nba6 18. a3 g3 19. Bxc5 Nxc5 20. Nb3 Nxb3 21. Kxb3 c5 22. a4
b6 23. Nb5 Bf6 24. Qd3 Bxh4 25. Nxd6+ Qxd6 26. Rxh4 Ke7 27. Be2 Bd7 1/2-1/2

[Event "Challenge"]
[Site "http://www.queenalice.com/game.php?id=1863774"]
[Date "2025.10.4"]
[Round "-"]
[White "Mateuzao_99"]
[Black "Mlintz"]
[Result "1-0"]
[WhiteElo "2047"]
[BlackElo "1903"]

1. e4 e5 2. Nf3 Qe7 3. Nc3 c6 4. d4 d6 5. dxe5 dxe5 6. Be2 g6 7. O-O Bg7 8. Re1
Nf6 9. Bg5 O-O 10. Qc1 Nbd7 11. h3 Rd8 12. Bf1 b5 13. a4 bxa4 14. Nxa4 c5 15.
Nh2 Nb6 16. Nxb6 Bb7 17. Nxa8 Rxa8 18. Ng4 a6 19. Nxf6+ Bxf6 20. Bxf6 Qxf6 21.
Qe3 Rc8 22. c4 1-0